|
|
|
|
| LEADER |
00000nam0a2200000 4500 |
| 001 |
345602 |
| 005 |
20231102005807.0 |
| 035 |
|
|
|a (RuTPU)RU\TPU\book\377452
|
| 090 |
|
|
|a 345602
|
| 100 |
|
|
|a 20210202d2010 m y0rusy50 ca
|
| 101 |
0 |
|
|a vie
|
| 102 |
|
|
|a VN
|
| 105 |
|
|
|a a j 000zy
|
| 200 |
1 |
|
|a Физическая химия
|e учебное пособие
|h Т. 1
|i Термодинамика
|f Чан Ван Ньян
|
| 210 |
|
|
|a [Б. м.]
|c Изд-во Вьетнамского образования
|d 2010
|
| 215 |
|
|
|a 172 с.
|c ил.
|
| 300 |
|
|
|a На вьет.яз.
|
| 510 |
1 |
|
|a Hóa lý
|z vie
|
| 606 |
1 |
|
|a Вьетнамский язык
|2 stltpush
|3 (RuTPU)RU\TPU\subj\4501
|9 32768
|
| 606 |
1 |
|
|a Физическая химия
|2 stltpush
|3 (RuTPU)RU\TPU\subj\67669
|9 83390
|
| 610 |
1 |
|
|a учебные пособия
|
| 610 |
1 |
|
|a основные понятия
|
| 610 |
1 |
|
|a химические процессы
|
| 610 |
1 |
|
|a термодинамика
|
| 610 |
1 |
|
|a законы
|
| 610 |
1 |
|
|a характеристические функции
|
| 610 |
1 |
|
|a термодинамические потенциалы
|
| 610 |
1 |
|
|a фазовые переходы
|
| 610 |
1 |
|
|a химические реакции
|
| 610 |
1 |
|
|a термодинамические характеристики
|
| 610 |
1 |
|
|a химический баланс
|
| 675 |
|
|
|a 544(075.8)
|v 4
|
| 686 |
|
|
|a Ш171.5
|2 rubbk
|
| 700 |
|
0 |
|a Чан Ван Ньян
|
| 801 |
|
1 |
|a RU
|b 63413507
|c 20210202
|
| 801 |
|
2 |
|a RU
|b 63413507
|c 20210224
|g RCR
|
| 942 |
|
|
|c BK
|